00305 2200121 4500001002100000005001500021035002400036090001900060245003700079260003000116300002700146990001000173YOGYA00000000006255420140823072332 0010-081400000062271 a635.2 Sud B(2) aBertanam BawangcM.D. Soetomo S. aJakartabKarya Banic1985 a56 hlm. ilusi.c21 cm. a093-P